000
00393nam a22001577a 4500
003
MPLRDC
005
20220104142610.0
008
210129b ||||| |||| 00| 0 eng d
082
_a
805.115 LTD v.2
100
_a
林添丁编著
245
_a
英文正错句手册. 下
_c
260
_a
_b
香港万里书店
_c
1979
300
_b
平
650
_a
英语字母
942
_c
BK
_o
805.115 LTD v.2
999
_c
32183
_d
32173